Automatic Comouting : (Record no. 179541)
[ view plain ]
| 000 -LEADER | |
|---|---|
| fixed length control field | 00618 a2200169 4500 |
| 003 - CONTROL NUMBER IDENTIFIER | |
| control field | Nust |
| 005 - DATE AND TIME OF LATEST TRANSACTION | |
| control field | 20230522090247.0 |
| 040 ## - CATALOGING SOURCE | |
| Transcribing agency | Nust |
| 082 ## - DEWEY DECIMAL CLASSIFICATION NUMBER | |
| Classification number | 004,HUS |
| 100 ## - MAIN ENTRY--PERSONAL NAME | |
| Personal name | Hussey,Michael |
| 9 (RLIN) | 112471 |
| 245 ## - TITLE STATEMENT | |
| Title | Automatic Comouting : |
| Remainder of title | Technology Foundation course 12 / |
| Statement of responsibility, etc. | Michael hussey |
| 260 ## - PUBLICATION, DISTRIBUTION, ETC. | |
| Place of publication, distribution, etc. | Uk |
| Name of publisher, distributor, etc. | The Open University Press |
| Date of publication, distribution, etc. | 1972 |
| 300 ## - PHYSICAL DESCRIPTION | |
| Extent | 48:p |
| 505 ## - FORMATTED CONTENTS NOTE | |
| Formatted contents note | Introduction to the Units on Automatic Computers (Page-4), Introduction (Page-7), The Role of the Automation (Page-8), The Role of Intelligence (Page-11), Man and Machine (Page-29). |
| 650 ## - SUBJECT ADDED ENTRY--TOPICAL TERM | |
| Topical term or geographic name entry element | Automatic Comouting |
| 9 (RLIN) | 112472 |
| 942 ## - ADDED ENTRY ELEMENTS (KOHA) | |
| Source of classification or shelving scheme | |
| Koha item type | Book Bank |
| Withdrawn status | Lost status | Source of classification or shelving scheme | Damaged status | Not for loan | Permanent Location | Current Location | Shelving location | Date acquired | Full call number | Barcode | Date last seen | Price effective from | Koha item type | Public note |
|---|---|---|---|---|---|---|---|---|---|---|---|---|---|---|
| Military College of Signals (MCS) | Military College of Signals (MCS) | General Stacks | 12/12/2016 | 004,HUS | MCS3448 | 12/08/2016 | 12/12/2016 | Book Bank | Almirah No.107, Shelf No.2 |
